00684nam a2200169 a 4500008004100000020001800041050001800059100001800077245003500095260004100130300001400171350000900185650002100194995013400215995014800349999001700497201118s2013 ||||||||||||||||| || u a9781780878300 aPZ 7.T6443428 aTorday, Piers14aThe last wildcBy Piers Torday a2013bQuercus Children's booksc2013 a325 pages a8.62 aENGLISH LANGUAGE aFICTION Collectione750498FCBU-MAIN LIBRARY (Kitwe)I8.62jPZ 7.T6443428M2UAVAILABLEWDec 10, 2020y750498ZFiction Collection aFICTION CollectionD8.62e905202FCBU-SCHOOL OF MEDICINE LIBRARY (Ndola)jPZ 7.T6443428M1UAVAILABLEWNov 19, 2020y905202ZFiction Collection c80618d80618